Синдбад-мореход: Из арабских народных сказок "Тысяча и одна ночь"; Для старшего и среднего школьного возраста

Bibliografiset tiedot
Muut tekijät: Салье М. А. Михаил Александрович (составитель), Грахов Н. (иллюстратор), Дианов А. В.
Yhteenveto:Исключено из фонда НТБ ТПУ
Kieli:venäjä
Julkaistu: Уфа, Башкирское книжное издательство, 1988
Aineistotyyppi: Kirja
KOHA link:https://koha.lib.tpu.ru/cgi-bin/koha/opac-detail.pl?biblionumber=136487

MARC

LEADER 00000nam0a2200000 4500
001 136487
005 20231031140538.0
010 |a 5295001512 
020 |a RU  |b 89-5621 
035 |a (RuTPU)RU\TPU\book\147927 
090 |a 136487 
100 |a 20080423d1988 de y0rusy5003 ca 
101 1 |a rus  |c ara 
102 |a RU 
105 |a a z 000ay 
200 1 |a Синдбад-мореход  |e Из арабских народных сказок "Тысяча и одна ночь"  |e Для старшего и среднего школьного возраста  |f пересказал с араб. М. А. Салье ; сост. Н. Грахов ; худож. А. В. Дианов 
210 |a Уфа  |c Башкирское книжное издательство  |d 1988 
215 |a 144 с.  |c цв. ил. 
333 |a Исключено из фонда НТБ ТПУ 
702 1 |a Салье  |b М. А.  |g Михаил Александрович  |4 010 
702 1 |a Грахов  |b Н.  |4 220 
702 1 |a Дианов  |b А. В.  |4 440 
801 0 |a RU  |b RuMRKP  |c 19950417  |g psbo 
801 1 |a RU  |b 63413507  |c 20080423  |g PSBO 
801 2 |a RU  |b 63413507  |c 20220623  |g PSBO 
942 |c BK